Essentials of Blood Banking/ (Record no. 4287)
[ view plain ]
| 000 -LEADER | |
|---|---|
| fixed length control field | 00470nam a22001457a 4500 |
| 005 - DATE AND TIME OF LATEST TRANSACTION | |
| control field | 20250225092926.0 |
| 008 - FIXED-LENGTH DATA ELEMENTS--GENERAL INFORMATION | |
| fixed length control field | 250225b |||||||| |||| 00| 0 eng d |
| 020 ## - INTERNATIONAL STANDARD BOOK NUMBER | |
| International Standard Book Number | 8180616428 |
| 050 ## - LIBRARY OF CONGRESS CALL NUMBER | |
| Classification number | RM172 MEH |
| 100 ## - MAIN ENTRY--PERSONAL NAME | |
| Personal name | Mehdi, SR |
| 245 ## - TITLE STATEMENT | |
| Title | Essentials of Blood Banking/ |
| Remainder of title | a handbook for students of blood banking and clinical residents |
| Statement of responsibility, etc. | SR Mehdi |
| 260 ## - PUBLICATION, DISTRIBUTION, ETC. | |
| Place of publication, distribution, etc. | New Delhi |
| Name of publisher, distributor, etc. | Jaypee Brothers Medical Publishers |
| Date of publication, distribution, etc. | 2006 |
| 300 ## - PHYSICAL DESCRIPTION | |
| Extent | viii. 96p. |
| Other physical details | ill. |
| Dimensions | 21.5cm |
| 942 ## - ADDED ENTRY ELEMENTS (KOHA) | |
| Source of classification or shelving scheme | Library of Congress Classification |
| Koha item type | Books |
| Suppress in OPAC | No |
| 999 ## - | |
| -- | 4287 |
| -- | 4287 |
| Withdrawn status | Lost status | Source of classification or shelving scheme | Damaged status | Not for loan | Collection | Home library | Current library | Shelving location | Date acquired | Total checkouts | Full call number | Barcode | Date last seen | Copy number | Price effective from | Koha item type |
|---|---|---|---|---|---|---|---|---|---|---|---|---|---|---|---|---|
| Library of Congress Classification | Non-fiction | Science Library (Miotso) | Science Library (Miotso) | General stacks | 02/25/2025 | RM172 MEH | SLM00004019 | 02/25/2025 | 1 | 02/25/2025 | Books | |||||
| Library of Congress Classification | Non-fiction | Science Library (Miotso) | Science Library (Miotso) | General stacks | 02/25/2025 | RM172 MEH | SLM00004020 | 02/25/2025 | 2 | 02/25/2025 | Books | |||||
| Library of Congress Classification | Non-fiction | Science Library (Miotso) | Science Library (Miotso) | General stacks | 02/25/2025 | RM172 MEH | SLM00004021 | 02/25/2025 | 3 | 02/25/2025 | Books | |||||
| Library of Congress Classification | Non-fiction | Science Library (Miotso) | Science Library (Miotso) | General stacks | 02/25/2025 | RM172 MEH | SLM00004022 | 02/25/2025 | 4 | 02/25/2025 | Books | |||||
| Library of Congress Classification | Non-fiction | Science Library (Miotso) | Science Library (Miotso) | General stacks | 02/25/2025 | RM172 MEH | SLM00004023 | 02/25/2025 | 5 | 02/25/2025 | Books |